Kraje z krokodylami - Statystyki

Ogólne statystyki
  • Ten quiz został rozwiązany 87 razy
  • Średni wynik to 54 z 94
Statystyki odpowiedzi
Kontynent Kraj % Poprawnych
Ameryka Północna Meksyk
96%
Ameryka Północna Stany Zjednoczone
96%
Ameryka Południowa Brazylia
92%
Ameryka Południowa Argentyna
86%
Ameryka Północna Kuba
85%
Ameryka Południowa Peru
82%
Ameryka Południowa Kolumbia
81%
Oceania Australia
78%
Ameryka Północna Panama
78%
Ameryka Południowa Wenezuela
78%
Ameryka Północna Dominikana
77%
Afryka Republika Południowej Afryki
77%
Ameryka Południowa Ekwador
76%
Ameryka Południowa Urugwaj
76%
Azja Chiny
74%
Azja Indie
72%
Afryka Kenia
72%
Ameryka Północna Kostaryka
72%
Ameryka Północna Haiti
70%
Afryka Tanzania
70%
Azja Indonezja
69%
Ameryka Północna Jamajka
69%
Afryka Kongo
69%
Afryka NIger
69%
Ameryka Południowa Paragwaj
69%
Ameryka Południowa Gujana
68%
Ameryka Północna Honduras
68%
Ameryka Południowa Surinam
68%
Ameryka Północna Belize
66%
Ameryka Północna Nikaragua
66%
Afryka Sudan
65%
Afryka Czad
64%
Afryka NIgeria
64%
Ameryka Północna Salwador
64%
Afryka Etiopia
62%
Ameryka Północna Gwatemala
62%
Afryka Gwinea
62%
Azja Tajlandia
62%
Afryka Madagaskar
61%
Afryka Somalia
61%
Afryka Gwinea Równikowa
59%
Afryka Mozambik
59%
Azja Filipiny
58%
Afryka Sudan Południowy
58%
Azja Wietnam
58%
Afryka Botswana
57%
Azja Malezja
57%
Afryka Senegal
57%
Azja Laos
55%
Afryka Uganda
55%
Azja Bangladesz
54%
Afryka Kamerun
54%
Ameryka Południowa Trynidad i Tobago
54%
Afryka Zambia
54%
Afryka Ghana
53%
Afryka Mali
53%
Afryka Maroko
53%
Afryka Rwanda
53%
Azja Pakistan
51%
Afryka Zimbabwe
51%
Ameryka Północna Bahamy
50%
Afryka Erytrea
50%
Afryka Namibia
50%
Afryka Angola
49%
Afryka Gwinea Bissau
49%
Azja Mjanma
49%
Afryka Togo
49%
Afryka Liberia
47%
Afryka Burkina Faso
46%
Afryka Demokratyczna Republika Konga
46%
Afryka Gabon
46%
Afryka Lesotho
46%
Oceania Papua-Nowa Gwinea
46%
Afryka Republika Środkowoafrykańska
46%
Azja Iran
45%
Afryka Mauretania
45%
Afryka Sierra Leone
45%
Afryka Wybrzeże Kości Słoniowej
45%
Azja Sri Lanka
43%
Afryka Benin
42%
Afryka Burundi
42%
Afryka Dżibuti
42%
Afryka Eswatini
42%
Afryka Gambia
42%
Azja Nepal
41%
Afryka Malawi
39%
Oceania Fidżi
38%
Azja Bhutan
36%
Azja Singapur
36%
Azja Malediwy
32%
Azja Timor Wschodni
32%
Oceania Wyspy Salomona
30%
Azja Brunei
27%
Oceania Vanuatu
27%
Nie znaleziono quizów pasujących do podanych kryteriów
Rozkład punktacji
Procent ludzi z każdym wynikiem
Percentyl według liczby udzielonych odpowiedzi
Twoja historia wyników
Nie rozwiązałeś tego quizu